000 00291nam a2200109Ia 4500
008 230907s9999||||xx |||||||||||||| ||und||
082 _a622.3381,LEE
100 _aLee, Kun Sang.
_9114651
245 0 _aIntegrative understanding of shale gas reservoirs/
300 _axi, 123p.:
942 _cBK
999 _c597477
_d597477